Score 0/26 Timer 03:00
0 Plays Today
Hint 4-Letter Word % Correct
✩ ✩ Good ____ Charlie ✩ ✩ ✩LUCK✩
97.4%
How to eat an ice cream coneLICK
96.8%
Parasites in our hairLICE
96.6%
Citrus fruitLIME
95.9%
Slang for a dollarBUCK
95.1%
✩ ✩ ____ the Explorer ✩ ✩✩DORA✩
95%
✩ ✩ Adventure ____ ✩ ✩ ✩TIME✩
93.6%
Where college students liveDORM
93.6%
DifficultHARD
92.6%
Where to find a silo and a barnFARM
90.8%
Burn curing succulent: aloe ___VERA
90.6%
A group of animalsHERD
90.6%
A document to be filled outFORM
90.5%
Hint 4-Letter Word % Correct
A relative of a shrubBUSH
89.5%
Cause damage toHARM
89.3%
Part of speechVERB
89%
Covering of corroded ironRUST
88.7%
✩ ✩ Big Time ____ ✩ ✩ ✩RUSH✩
88.7%
Has toMUST
88.6%
Supporter of a sailMAST
87%
Wife of ZeusHERA
86.9%
Entertain for money on the streetBUSK
83%
✩ ✩ Phineas and ____ ✩ ✩✩FERB✩
81.9%
Projectile thrown in a barDART
77.1%
A place to shopMART
76.6%
Olympic swim star TorresDARA
73.5%

Today's Daily Dose

Missing Word
'T' Pairs

Word Ladder
Game Pieces

Get the Picture
Baseball Movies

Remove Ads.
Support Sporcle.
Get the best of Sporcle when you Go Orange. This ad-free experience offers more features, more stats, and more fun while also helping to support Sporcle. Thank you for becoming a member.

You're not logged in!

Compare scores with friends on all Sporcle quizzes.
OR
Log In

Show Comments

Extras

Top Quizzes Today


Score Distribution

Your Account Isn't Verified!

In order to create a playlist on Sporcle, you need to verify the email address you used during registration. Go to your Sporcle Settings to finish the process.

Report this User

Report this user for behavior that violates our Community Guidelines.

Details: